[Event "4NCL 2012-13"]
[Site "Sunningdale ENG"]
[Date "2012.11.03"]
[Round "1.162"]
[White "Ledger, Andrew J"]
[Black "Griffiths, Ryan Rhys"]
[Result "1/2-1/2"]
[WhiteTitle "IM"]
[BlackTitle "FM"]
[WhiteElo "2402"]
[BlackElo "2353"]
[WhiteTeam "Blackthorne Russia"]
[BlackTeam "Barbican 4NCL"]
[WhiteFideId "400610"]
[BlackFideId "2502054"]
[EventDate "2012.11.03"]

1. c4 Nf6 2. Nf3 g6 3. Nc3 d5 4. cxd5 Nxd5 5. Qa4+ Nc6 6. Ne5 Qd6 7. Nxc6 Qxc6
8. Qxc6+ bxc6 9. g3 Bg7 10. Bg2 Be6 11. b3 O-O-O 12. Bb2 Nxc3 13. Bxc3 Bxc3 14.
dxc3 Rd6 15. Rd1 Rhd8 16. Rxd6 Rxd6 17. Be4 c5 18. Bd3 c4 19. bxc4 Ra6 20. Kd2
Rxa2+ 21. Ke3 c5 22. Rb1 Kc7 23. h4 h5 24. Rb5 Kd6 25. Rb8 Bd7 26. Rf8 Ke6 27.
f3 Ra1 28. Rb8 Kd6 29. Rf8 Ke6 30. Rb8 Kd6 31. Rf8 Be6 32. Rd8+ Ke5 33. Rb8 Kd6
34. Rd8+ Ke5 35. Rb8 Ra4 36. Kd2 Ra2+ 37. Ke3 Ra4 38. Kd2 Ra1 39. Ke3 Bd7 40.
Rd8 Bc6 41. Rc8 Kd6 42. Rd8+ Ke6 43. Rc8 Kd7 44. Rg8 Ke6 45. Rc8 Kd7 1/2-1/2

[Event "4NCL 2012-13"]
[Site "Sunningdale ENG"]
[Date "2012.11.03"]
[Round "1.163"]
[White "Morrison, Graham SCO"]
[Black "Ansell, Simon T"]
[Result "1/2-1/2"]
[WhiteTitle "FM"]
[BlackTitle "IM"]
[WhiteElo "2352"]
[BlackElo "2377"]
[WhiteTeam "Barbican 4NCL"]
[BlackTeam "Blackthorne Russia"]
[WhiteFideId "2400090"]
[BlackFideId "402141"]
[EventDate "2012.11.03"]

1. d4 d5 2. c4 c6 3. Nf3 e6 4. g3 Nf6 5. Bg2 Be7 6. O-O O-O 7. Qc2 b6 8. Nbd2
Bb7 9. e4 Nbd7 10. b3 Rc8 11. Bb2 c5 12. exd5 exd5 13. Qf5 dxc4 14. Nxc4 Be4 15.
Qh3 b5 16. Ne3 c4 17. Rfc1 Nb6 18. Ne5 Bb4 19. bxc4 Na4 20. Bxe4 Nxe4 21. Qg2
Nd2 22. Nd5 Bd6 23. Rc2 Nxc4 24. Nxc4 Rxc4 25. Rxc4 bxc4 26. Bc1 Qa5 27. Qe4 Rb8
28. Bf4 Bxf4 29. Qxf4 Re8 30. Qf5 Qd8 31. Rc1 c3 32. Nxc3 Nxc3 33. Rxc3 Qxd4 34.
Rc8 Qd1+ 35. Kg2 Qa4 36. Rxe8+ 1/2-1/2

[Event "4NCL 2012-13"]
[Site "Sunningdale ENG"]
[Date "2012.11.03"]
[Round "1.164"]
[White "Bates, Richard A"]
[Black "Berry, Neil"]
[Result "1-0"]
[WhiteTitle "IM"]
[BlackTitle "FM"]
[WhiteElo "2370"]
[BlackElo "2247"]
[WhiteTeam "Blackthorne Russia"]
[BlackTeam "Barbican 4NCL"]
[WhiteFideId "403555"]
[BlackFideId "2400650"]
[EventDate "2012.11.03"]

1. d4 Nf6 2. c4 e6 3. Nf3 d5 4. g3 dxc4 5. Bg2 Bb4+ 6. Bd2 a5 7. O-O O-O 8. a3
Bxd2 9. Nbxd2 b5 10. a4 c6 11. Qc2 Na6 12. b3 Nb4 13. Qb2 cxb3 14. Nxb3 Ba6 15.
axb5 Bxb5 16. Nxa5 Rxa5 17. Qxb4 Rxa1 18. Rxa1 Bxe2 19. Ne5 Bb5 20. Bxc6 Bxc6
21. Nxc6 Nd5 22. Qc5 Qe8 23. Ra7 g6 24. Qd6 Qc8 25. h4 h5 26. Kg2 Kg7 27. Rd7
Qa8 28. Qxe6 Nf6 29. Rc7 Qe8 30. d5 Qxe6 31. dxe6 Kg8 32. e7 Re8 33. Kf3 Kg7 34.
Rb7 Ng8 35. Ke4 f6 36. Kd5 Kf7 37. Kd6 Nh6 38. Nd8+ Kg8 39. Kd7 1-0

[Event "4NCL 2012-13"]
[Site "Sunningdale ENG"]
[Date "2012.11.03"]
[Round "1.165"]
[White "Dorrington, Chris J"]
[Black "Ledger, Dave J"]
[Result "1/2-1/2"]
[BlackTitle "FM"]
[WhiteElo "2307"]
[BlackElo "2268"]
[WhiteTeam "Barbican 4NCL"]
[BlackTeam "Blackthorne Russia"]
[WhiteFideId "410462"]
[BlackFideId "401986"]
[EventDate "2012.11.03"]

1. d4 Nf6 2. c4 g6 3. Nc3 Bg7 4. e4 d6 5. Nf3 O-O 6. Be2 e5 7. O-O Nc6 8. d5 Ne7
9. Ne1 Nd7 10. f3 f5 11. Be3 f4 12. Bf2 g5 13. Nb5 b6 14. b4 a6 15. Nc3 Rf7 16.
Nd3 Bf8 17. c5 Rg7 18. cxd6 cxd6 19. b5 a5 20. Na4 Rb8 21. Ndb2 g4 22. fxg4 Nf6
23. Nc4 Nxg4 24. Bxb6 Rxb6 25. Naxb6 Ne3 26. Nxc8 Nxd1 27. Nxe7+ Bxe7 28. Raxd1
Qc7 29. a4 Qc5+ 30. Kh1 Bd8 31. Rb1 Bb6 32. Nxb6 Qxb6 33. Rfc1 Rb7 34. Rc4 Qe3
35. Bf3 Kg7 36. h3 Kf6 37. Rbc1 Kg5 38. R4c3 Qd4 39. Rc4 Qe3 40. Rc8 Kf6 41. Kh2
Qb3 42. R8c4 Rg7 43. Rc6 Qb4 44. R1c4 Qe1 45. Rc1 Qb4 46. R1c3 Rd7 47. Bg4 Rd8
48. R6c4 Qb2 49. Be6 Rb8 50. Rc7 Rb7 51. Rc2 Qb3 52. R2c3 1/2-1/2

[Event "4NCL 2012-13"]
[Site "Sunningdale ENG"]
[Date "2012.11.03"]
[Round "1.166"]
[White "Eames, Robert S"]
[Black "Chapman, Terry P D"]
[Result "1-0"]
[WhiteTitle "FM"]
[WhiteElo "2263"]
[BlackElo "2279"]
[WhiteTeam "Blackthorne Russia"]
[BlackTeam "Barbican 4NCL"]
[WhiteFideId "408743"]
[BlackFideId "413399"]
[EventDate "2012.11.03"]

1. d4 Nf6 2. c4 c5 3. d5 b5 4. cxb5 a6 5. bxa6 g6 6. Nc3 Bxa6 7. g3 d6 8. Bg2
Bg7 9. Nf3 Nfd7 10. Qc2 Nb6 11. h4 h6 12. h5 g5 13. Nh2 N8d7 14. Ng4 Nf6 15. Ne3
Bc8 16. Nf5 Bxf5 17. Qxf5 Qd7 18. Qc2 O-O 19. Rb1 Na4 20. Nd1 Nb6 21. Nc3 Na4
22. Ne4 Rfb8 23. Nxf6+ Bxf6 24. O-O Qg4 25. Rd1 Qxh5 26. Rd3 Qg6 27. e4 Nb6 28.
Ra3 Nxd5 29. Rxa8 Rxa8 30. Qb3 c4 31. Qxc4 Nb6 32. Qb4 Na4 33. Ra1 Be5 34. Qb7
Rf8 35. Qb5 Nc5 36. a4 Nxe4 37. Qd3 Nc5 38. Qxg6+ fxg6 39. a5 Nb3 40. Bd5+ 1-0

[Event "4NCL 2012-13"]
[Site "Sunningdale ENG"]
[Date "2012.11.03"]
[Round "1.167"]
[White "Coleman, David J"]
[Black "Ledger, Stephen C"]
[Result "1/2-1/2"]
[WhiteTitle "CM"]
[WhiteElo "2268"]
[BlackElo "2088"]
[WhiteTeam "Barbican 4NCL"]
[BlackTeam "Blackthorne Russia"]
[WhiteFideId "402087"]
[BlackFideId "404470"]
[EventDate "2012.11.03"]

1. e4 c5 2. Nf3 Nc6 3. d4 cxd4 4. Nxd4 e5 5. Nb5 a6 6. Nd6+ Bxd6 7. Qxd6 Qf6 8.
Qc7 Nge7 9. Nc3 Nb4 10. Bd3 d5 11. O-O d4 12. Ne2 Nxd3 13. cxd3 O-O 14. f4 Nc6
15. Bd2 Qd8 16. Qxd8 Rxd8 17. fxe5 Bg4 18. Nf4 Nxe5 19. Ba5 Re8 20. h3 Be6 21.
Bb6 Nc6 22. a3 Re7 23. b4 Rae8 24. Rab1 Rd7 25. a4 Ne5 26. Rfd1 f5 27. exf5 Bxf5
28. g4 Bg6 29. Kg2 Rc8 30. Rd2 Rc3 31. Rbd1 Bf7 32. Re1 Nc6 33. b5 axb5 34. axb5
Nb4 35. Rb1 Nd5 36. Nxd5 Bxd5+ 37. Kg3 Rb3 38. Rxb3 Bxb3 39. Rb2 Bf7 40. Rb4 Bg6
41. Rb3 Rd5 42. Kf4 Be8 43. Ke4 Rxb5 44. Rxb5 1/2-1/2

[Event "4NCL 2012-13"]
[Site "Sunningdale ENG"]
[Date "2012.11.03"]
[Round "1.171"]
[White "Greet, Andrew N"]
[Black "Gretarsson, Hjorvar Steinn"]
[Result "1-0"]
[WhiteTitle "IM"]
[BlackTitle "IM"]
[WhiteElo "2438"]
[BlackElo "2516"]
[WhiteTeam "Wood Green, Hilsmark Kingfisher"]
[BlackTeam "Jutes of Kent"]
[WhiteFideId "405817"]
[BlackFideId "2302241"]
[EventDate "2012.11.03"]

1. e4 c5 2. c3 d5 3. exd5 Qxd5 4. d4 Nc6 5. Be3 cxd4 6. cxd4 e5 7. Nc3 Bb4 8.
dxe5 Qxe5 9. Rc1 Nf6 10. Nf3 Qa5 11. Bc4 Bg4 12. O-O Rd8 13. Qb3 O-O 14. Ng5 Ne5
15. Nce4 Nxe4 16. Nxe4 Bf5 17. Nc5 Bxc5 18. Bxf7+ Nxf7 19. Rxc5 Qa6 20. Rxf5 Rd3
21. Qb5 Qxb5 22. Rxb5 b6 23. Rb4 Rc8 24. Rd4 Ne5 25. h3 Kf7 26. Rd1 Rxd1+ 27.
Rxd1 Ke6 28. Bd4 Rd8 29. Kf1 Nc6 30. Re1+ Kf7 31. Bc3 b5 32. Re4 a5 33. a3 Rd1+
34. Ke2 Rb1 35. Kd3 g5 36. Re1 Rxe1 37. Bxe1 Ke6 38. Ke4 b4 39. axb4 axb4 40.
Bd2 h6 41. g4 b3 42. Bc3 Ne7 43. Bg7 Nd5 44. f3 Nb6 45. f4 gxf4 46. Bxh6 Nc4 47.
Bg7 Kf7 48. Bd4 Kg6 49. Kxf4 Kh6 50. h4 Kg6 51. h5+ Kh6 52. Bc3 Nd6 53. Bd2 Nc4
54. Bc1 1-0

[Event "4NCL 2012-13"]
[Site "Sunningdale ENG"]
[Date "2012.11.03"]
[Round "1.173"]
[White "Pert, Richard G"]
[Black "Ziska, Helgi Dam"]
[Result "0-1"]
[WhiteTitle "IM"]
[BlackTitle "IM"]
[WhiteElo "2454"]
[BlackElo "2474"]
[WhiteTeam "Wood Green, Hilsmark Kingfisher"]
[BlackTeam "Jutes of Kent"]
[WhiteFideId "404748"]
[BlackFideId "7200595"]
[EventDate "2012.11.03"]

1. d4 Nf6 2. Bg5 c5 3. Nc3 cxd4 4. Qxd4 Nc6 5. Qh4 e6 6. e4 Be7 7. O-O-O Qa5 8.
f4 d6 9. Nf3 h6 10. e5 dxe5 11. Nxe5 Nxe5 12. fxe5 Qxe5 13. Bb5+ Kf8 14. Bf4 Qc5
15. Qg3 Nh5 16. Qe3 Qxe3+ 17. Bxe3 Nf6 18. Bd4 Nd5 19. Ne4 a6 20. Be2 Bd7 21. c4
Nf4 22. Bf3 Bc6 23. Rhf1 Ne2+ 24. Bxe2 Bxe4 25. Bd3 Bxg2 26. Rg1 Bg5+ 27. Kc2
Bc6 28. Rdf1 f5 29. Be2 Rd8 30. Bc3 Rg8 31. b4 Kf7 32. b5 Be4+ 33. Kb3 Bd3 34.
Bxd3 Rxd3 35. Rg3 Rgd8 36. Rff3 Rd1 37. bxa6 bxa6 38. h4 Rb8+ 39. Ka4 Bf6 40.
Bxf6 Kxf6 41. h5 Rc1 42. Rg6+ Kf7 43. Ka3 Rxc4 44. Rxf5+ exf5 45. Rxg7+ Ke6 46.
Re7+ Kd6 47. Rd7+ Kc5 48. Rc7+ Kb5 49. Rc5+ Rxc5 0-1

[Event "4NCL 2012-13"]
[Site "Sunningdale ENG"]
[Date "2012.11.03"]
[Round "1.174"]
[White "Camus de Solliers, Guillaume"]
[Black "Haydon, David L"]
[Result "1/2-1/2"]
[WhiteTitle "FM"]
[BlackTitle "FM"]
[WhiteElo "2346"]
[BlackElo "2315"]
[WhiteTeam "Jutes of Kent"]
[BlackTeam "Wood Green, Hilsmark Kingfisher"]
[WhiteFideId "631256"]
[BlackFideId "415405"]
[EventDate "2012.11.03"]

1. d4 c6 2. c4 d5 3. Nc3 Nf6 4. e3 e6 5. Nf3 Nbd7 6. Bd3 Be7 7. O-O O-O 8. e4
dxe4 9. Nxe4 c5 10. dxc5 Nxe4 11. Bxe4 Nxc5 12. Bc2 Qxd1 13. Rxd1 a5 14. Be3 b6
15. Ne5 Bf6 16. Bd4 Ba6 17. b3 Rfd8 18. f4 Bb7 19. a3 Be7 20. Be3 f6 21. Nf3 Kf7
22. Rxd8 Bxd8 23. Rd1 Be7 24. b4 axb4 25. axb4 Na6 26. Bxb6 Nxb4 27. Bxh7 Rc8
28. f5 exf5 29. Bxf5 Rxc4 30. Re1 Bc8 31. Bb1 Bc5+ 32. Bxc5 Rxc5 33. Nh4 f5 34.
Rf1 Kf6 35. g4 g6 36. gxf5 Bxf5 37. Bxf5 gxf5 1/2-1/2

[Event "4NCL 2012-13"]
[Site "Sunningdale ENG"]
[Date "2012.11.03"]
[Round "1.175"]
[White "Briscoe, Chris"]
[Black "Kirk, Ezra"]
[Result "0-1"]
[WhiteTitle "CM"]
[WhiteElo "2217"]
[BlackElo "2258"]
[WhiteTeam "Wood Green, Hilsmark Kingfisher"]
[BlackTeam "Jutes of Kent"]
[WhiteFideId "408360"]
[BlackFideId "600067"]
[EventDate "2012.11.03"]

1. c4 Nf6 2. g3 g6 3. Bg2 Bg7 4. Nc3 O-O 5. e4 d6 6. Nge2 c5 7. O-O Nc6 8. d3
Ne8 9. Be3 Nc7 10. d4 cxd4 11. Nxd4 Ne6 12. Nxc6 bxc6 13. Qd2 a5 14. f4 Rb8 15.
b3 a4 16. Rab1 axb3 17. axb3 c5 18. f5 Nd4 19. fxg6 hxg6 20. b4 Rxb4 21. Rxb4
cxb4 22. Nd5 Nc6 23. Bh6 Be6 24. Bxg7 Kxg7 25. Ra1 Bxd5 26. cxd5 Qb6+ 27. Qf2
Qxf2+ 28. Kxf2 Ne5 29. Ke2 Rc8 30. Kd2 b3 0-1

[Event "4NCL 2012-13"]
[Site "Sunningdale ENG"]
[Date "2012.11.03"]
[Round "1.176"]
[White "Harakis, Alexis M"]
[Black "Hegarty, Sarah N"]
[Result "1-0"]
[BlackTitle "WFM"]
[WhiteElo "2238"]
[BlackElo "2133"]
[WhiteTeam "Jutes of Kent"]
[BlackTeam "Wood Green, Hilsmark Kingfisher"]
[WhiteFideId "403954"]
[BlackFideId "2501465"]
[EventDate "2012.11.03"]

1. d4 Nf6 2. c4 g6 3. Nc3 d5 4. cxd5 Nxd5 5. e4 Nxc3 6. bxc3 Bg7 7. Bc4 c5 8.
Ne2 Nc6 9. Be3 O-O 10. O-O Qc7 11. Rc1 b6 12. Qd2 Bb7 13. Bh6 Rad8 14. Bxg7 Kxg7
15. Qe3 Na5 16. Bd3 c4 17. Bc2 e6 18. Rcd1 Ba8 19. f4 f5 20. d5 fxe4 21. dxe6
Qe7 22. Rxd8 Rxd8 23. f5 Rf8 24. Ng3 Kg8 25. Bxe4 Bxe4 26. Qxe4 Rf6 27. fxg6
Qxe6 28. gxh7+ Kh8 29. Qd4 1-0

[Event "4NCL 2012-13"]
[Site "Sunningdale ENG"]
[Date "2012.11.03"]
[Round "1.177"]
[White "Hasman, Cengiz"]
[Black "Naylor, John"]
[Result "0-1"]
[WhiteElo "2151"]
[BlackElo "2153"]
[WhiteTeam "Wood Green, Hilsmark Kingfisher"]
[BlackTeam "Jutes of Kent"]
[WhiteFideId "413364"]
[BlackFideId "403172"]
[EventDate "2012.11.03"]

1. d4 Nf6 2. c4 c5 3. dxc5 e6 4. Nf3 Bxc5 5. Nc3 d5 6. e3 Nc6 7. a3 a5 8. b3 O-O
9. Bb2 Qe7 10. cxd5 exd5 11. Be2 Rd8 12. Nb5 Ne4 13. Nbd4 Bg4 14. Nxc6 bxc6 15.
O-O Bd6 16. Nd4 Bd7 17. Bg4 c5 18. Bxd7 Qxd7 19. Nf3 Qf5 20. Qd3 a4 21. b4 cxb4
22. Qd4 Qf6 23. Qxf6 Nxf6 24. Bxf6 gxf6 25. axb4 Bxb4 26. Rfb1 Bf8 27. Kf1 Rdc8
28. Rb5 Rc5 29. Rxc5 Bxc5 30. Ke2 a3 31. Kd3 Rb8 32. Nd4 Rb2 33. Nc2 Rb3+ 34.
Kd2 Kf8 35. Kc1 Ke7 36. Rb1 Rxb1+ 37. Kxb1 Ke6 38. Ka2 Ke5 39. f3 f5 40. g3 h5
41. Kb3 d4 42. exd4+ Bxd4 43. Kxa3 Bg1 44. h3 Bf2 45. g4 fxg4 46. fxg4 h4 47.
Kb3 Kf4 48. Nb4 Kg3 49. Nd3 Bd4 50. Kc4 Bg7 51. g5 Kxh3 52. Nf2+ Kg3 53. Ne4+
Kg2 54. Nd6 h3 55. Nxf7 h2 56. Kd5 h1=Q 57. Ke6 Qh3+ 58. Ke7 Qf5 59. Nd8 Qxg5+
60. Kd7 Qd5+ 61. Ke8 Bf6 62. Nf7 Qe6+ 63. Kf8 Qe7+ 64. Kg8 Kh1 0-1

[Event "4NCL 2012-13"]
[Site "Sunningdale ENG"]
[Date "2012.11.03"]
[Round "1.178"]
[White "Summerscale, Claire E"]
[Black "Cutmore, Martin J"]
[Result "0-1"]
[WhiteElo "1982"]
[BlackElo "2051"]
[WhiteTeam "Jutes of Kent"]
[BlackTeam "Wood Green, Hilsmark Kingfisher"]
[WhiteFideId "410926"]
[BlackFideId "409022"]
[EventDate "2012.11.03"]

1. d4 Nf6 2. Nc3 c5 3. d5 d6 4. e4 g6 5. Nf3 Bg7 6. Bd3 O-O 7. O-O Na6 8. Bg5
Nc7 9. Re1 a6 10. a4 Rb8 11. Qe2 Bg4 12. h3 Bxf3 13. Qxf3 b5 14. axb5 axb5 15.
Nb1 Nd7 16. c3 c4 17. Bc2 b4 18. Bd2 Ne5 19. Qe3 b3 20. Bd1 Nd3 21. Be2 Nxe1 22.
Bxe1 e6 23. Bxc4 exd5 24. exd5 Re8 25. Qc1 Qh4 26. Na3 Re7 27. f3 Qh5 28. Bg3
Be5 29. f4 Bg7 30. f5 Qxf5 31. Bxd6 Rd7 32. Nb5 Be5 33. Bxe5 Qxe5 34. Ra7 Rbd8
35. Nxc7 Rxc7 36. Rxc7 Qxc7 37. Bxb3 Qb6+ 0-1

[Event "4NCL 2012-13"]
[Site "Sunningdale ENG"]
[Date "2012.11.03"]
[Round "1.181"]
[White "Wells, Peter K"]
[Black "Cobb, James"]
[Result "0-1"]
[WhiteTitle "GM"]
[BlackTitle "IM"]
[WhiteElo "2488"]
[BlackElo "2423"]
[WhiteTeam "White Rose"]
[BlackTeam "South Wales Dragons"]
[WhiteFideId "400327"]
[BlackFideId "1800949"]
[EventDate "2012.11.03"]

1. d4 e6 2. c4 Bb4+ 3. Nc3 Nf6 4. Nf3 d5 5. e3 O-O 6. Bd3 b6 7. O-O Bb7 8. cxd5
exd5 9. Ne5 Bd6 10. f4 c5 11. Qf3 Nc6 12. Qh3 g6 13. Bd2 cxd4 14. Nxc6 Bxc6 15.
exd4 Ne4 16. Bxe4 dxe4 17. f5 Bc5 18. dxc5 Qxd2 19. Rfd1 Qg5 20. b4 e3 21. Rd4
e2 22. Nxe2 Bb5 23. fxg6 hxg6 24. Re4 Rae8 25. Rxe8 Rxe8 0-1

[Event "4NCL 2012-13"]
[Site "Sunningdale ENG"]
[Date "2012.11.03"]
[Round "1.182"]
[White "Cooper, John G"]
[Black "McNab, Colin A"]
[Result "0-1"]
[WhiteTitle "IM"]
[BlackTitle "GM"]
[WhiteElo "2343"]
[BlackElo "2455"]
[WhiteTeam "South Wales Dragons"]
[BlackTeam "White Rose"]
[WhiteFideId "1800027"]
[BlackFideId "2400030"]
[EventDate "2012.11.03"]

1. Nf3 g6 2. e4 d6 3. d4 Bg7 4. Be2 Nf6 5. Nc3 c6 6. O-O O-O 7. Re1 Nbd7 8. e5
dxe5 9. dxe5 Nd5 10. Nxd5 cxd5 11. Bf4 Nc5 12. Qc1 Bg4 13. Bh6 Rc8 14. Bxg7 Kxg7
15. Qf4 Bxf3 16. Bxf3 Ne6 17. Qd2 Qb6 18. c3 d4 19. Rac1 Rfd8 20. c4 a5 21. Bg4
Rc5 22. b3 h5 23. Bf3 Qb4 24. Qd3 b5 25. g3 Qa3 26. Rc2 bxc4 27. Rxc4 Qxa2 0-1

[Event "4NCL 2012-13"]
[Site "Sunningdale ENG"]
[Date "2012.11.03"]
[Round "1.183"]
[White "Palliser, Richard J D"]
[Black "Zeidler, Sven P."]
[Result "1/2-1/2"]
[WhiteTitle "IM"]
[BlackTitle "FM"]
[WhiteElo "2453"]
[BlackElo "2281"]
[WhiteTeam "White Rose"]
[BlackTeam "South Wales Dragons"]
[WhiteFideId "407372"]
[BlackFideId "1800604"]
[EventDate "2012.11.03"]

1. d4 f5 2. Bg5 c6 3. e3 Qb6 4. Nd2 d5 5. c4 e6 6. Qc2 Be7 7. Bxe7 Nxe7 8. Bd3
Nd7 9. Ne2 O-O 10. g4 e5 11. Bxf5 Nxf5 12. gxf5 exd4 13. Nxd4 Ne5 14. cxd5 cxd5
15. Qb3 Qxb3 16. axb3 Bxf5 17. Nxf5 1/2-1/2

[Event "4NCL 2012-13"]
[Site "Sunningdale ENG"]
[Date "2012.11.03"]
[Round "1.184"]
[White "Redmond, John P."]
[Black "Adair, James R"]
[Result "0-1"]
[BlackTitle "FM"]
[WhiteElo "2236"]
[BlackElo "2297"]
[WhiteTeam "South Wales Dragons"]
[BlackTeam "White Rose"]
[WhiteFideId "2500051"]
[BlackFideId "406252"]
[EventDate "2012.11.03"]

1. Nf3 Nf6 2. c4 b6 3. g3 Bb7 4. Bg2 g6 5. d4 Bg7 6. O-O O-O 7. Qc2 e6 8. Nc3 d5
9. cxd5 Nxd5 10. Nxd5 exd5 11. Bg5 Qc8 12. Rac1 h6 13. Bf4 Nc6 14. Rfd1 g5 15.
Bxg5 hxg5 16. Nxg5 Re8 17. Bxd5 Nd8 18. Bxb7 Qxb7 19. Qf5 c6 20. e3 Ne6 21. Rc2
Nxg5 22. Qxg5 Rad8 23. Qg4 Re6 24. Qf3 Rd5 25. Rdc1 Red6 26. Kg2 Qd7 27. h4 Rf6
28. Qe4 Rdd6 29. Kg1 Bf8 30. a3 a5 31. Qg2 c5 32. dxc5 Rd1+ 33. Kh2 Rxc1 34.
Rxc1 Qd2 35. Rf1 Bxc5 36. b3 Bxa3 37. Kg1 Qd3 38. g4 Kg7 39. g5 Rf5 40. h5 Be7 0-1

[Event "4NCL 2012-13"]
[Site "Sunningdale ENG"]
[Date "2012.11.03"]
[Round "1.185"]
[White "Gayson, Peter M"]
[Black "Jameson, David"]
[Result "1/2-1/2"]
[WhiteElo "2215"]
[BlackElo "2143"]
[WhiteTeam "White Rose"]
[BlackTeam "South Wales Dragons"]
[WhiteFideId "401838"]
[BlackFideId "1801538"]
[EventDate "2012.11.03"]

1. e4 e5 2. Nf3 Nc6 3. d4 exd4 4. Bc4 Bc5 5. O-O d6 6. h3 Nf6 7. c3 dxc3 8. Nxc3
h6 9. Bf4 O-O 10. Qd2 Re8 11. Rfe1 Bb4 12. Rad1 Bxc3 13. bxc3 Rxe4 14. Rxe4 Nxe4
15. Qd5 Nc5 16. Qxf7+ Kh8 17. Ne5 Bd7 18. Bxh6 Qf6 19. Qxf6 gxf6 20. Nxd7 Nxd7
21. Re1 Nce5 22. Be6 Re8 1/2-1/2

[Event "4NCL 2012-13"]
[Site "Sunningdale ENG"]
[Date "2012.11.03"]
[Round "1.186"]
[White "James, David"]
[Black "Olsarova, Tereza"]
[Result "1/2-1/2"]
[WhiteTitle "FM"]
[BlackTitle "WIM"]
[WhiteElo "2147"]
[BlackElo "2267"]
[WhiteTeam "South Wales Dragons"]
[BlackTeam "White Rose"]
[WhiteFideId "1800272"]
[BlackFideId "325449"]
[EventDate "2012.11.03"]

1. d4 d5 2. Nf3 c6 3. c4 e6 4. Bg5 Nf6 5. e3 Qa5+ 6. Nbd2 Ne4 7. Bf4 Nd7 8. a3
dxc4 9. Bxc4 Ndf6 10. O-O Nxd2 11. Nxd2 Be7 12. Qe2 O-O 13. b4 Qh5 14. h3 b5 15.
Ne4 Qxe2 16. Nxf6+ gxf6 17. Bxe2 a5 18. a4 Bxb4 19. axb5 cxb5 20. Bxb5 Bb7 21.
Rfc1 Rfc8 22. Bc7 Bd2 23. Rc5 Bb4 24. Rcc1 1/2-1/2

[Event "4NCL 2012-13"]
[Site "Sunningdale ENG"]
[Date "2012.11.03"]
[Round "1.187"]
[White "Croad, Nicolas"]
[Black "Roberts, David L"]
[Result "1-0"]
[WhiteTitle "FM"]
[WhiteElo "2282"]
[BlackElo "2073"]
[WhiteTeam "White Rose"]
[BlackTeam "South Wales Dragons"]
[WhiteFideId "4300793"]
[BlackFideId "407720"]
[EventDate "2012.11.03"]

1. d4 Nf6 2. c4 g6 3. Nc3 Bg7 4. e4 d6 5. h3 O-O 6. Nf3 Na6 7. Bg5 Qe8 8. Be2 e5
9. d5 Nc5 10. Nd2 a5 11. O-O Bd7 12. b3 h6 13. Be3 b6 14. a3 Nh7 15. b4 axb4 16.
axb4 Na4 17. Nxa4 Bxa4 18. Qc1 f5 19. f3 f4 20. Bf2 Bd7 21. c5 Rxa1 22. Qxa1
bxc5 23. bxc5 Ng5 24. cxd6 cxd6 25. Rb1 Qc8 26. Ba6 Qd8 27. Bf1 Qc7 28. Rc1 Qb7
29. Qa3 Nf7 30. Ba6 Qb8 31. Qc3 Ng5 32. Qc7 Qxc7 33. Rxc7 Rf7 34. h4 Nh7 35. Nc4
Bf8 36. Be1 Nf6 37. Bc8 Bxc8 38. Rxc8 Kg7 39. Bb4 Rd7 40. Nxe5 dxe5 41. Bxf8+
Kh7 42. Bb4 Rb7 43. Bd6 Nd7 44. Re8 1-0

[Event "4NCL 2012-13"]
[Site "Sunningdale ENG"]
[Date "2012.11.03"]
[Round "1.188"]
[White "Owens, Megan R"]
[Black "Townsend, M Paul"]
[Result "0-1"]
[WhiteElo "1847"]
[BlackElo "2234"]
[WhiteTeam "South Wales Dragons"]
[BlackTeam "White Rose"]
[WhiteFideId "1801996"]
[BlackFideId "402320"]
[EventDate "2012.11.03"]

1. c4 e6 2. g3 Nf6 3. Bg2 d5 4. Nf3 Be7 5. d4 O-O 6. O-O Nbd7 7. Nc3 c6 8. a4 a5
9. cxd5 exd5 10. Qc2 Re8 11. Re1 Nb6 12. Ne5 Ng4 13. Nxg4 Bxg4 14. e4 dxe4 15.
Bxe4 h6 16. Bh7+ Kh8 17. Bf5 Bxf5 18. Qxf5 Bb4 19. Rxe8+ Qxe8 20. Be3 Rd8 21.
Qd3 Qe6 22. Ne2 Nd5 23. Bd2 Bxd2 24. Qxd2 Nb4 25. Rc1 Qb3 26. Nc3 Nd5 27. Qc2
Qb4 28. Rd1 Nb6 29. Qd2 Nxa4 30. Nxa4 Qxa4 31. Qe1 Qb4 32. Qc3 Qxc3 33. bxc3 b5
34. Ra1 Ra8 35. Kf1 a4 36. Ra3 Kg8 37. Ke2 Kf8 38. Kd3 Ke7 39. f4 Kd6 40. Ra2
Kd5 41. Ra1 a3 42. g4 a2 43. Kc2 Kc4 0-1

[Event "4NCL 2012-13"]
[Site "Sunningdale ENG"]
[Date "2012.11.04"]
[Round "2.151"]
[White "Jones, Gawain C B"]
[Black "Dorrington, Chris J"]
[Result "1-0"]
[WhiteTitle "GM"]
[WhiteElo "2644"]
[BlackElo "2307"]
[WhiteTeam "Guildford"]
[BlackTeam "Barbican 4NCL"]
[WhiteFideId "409561"]
[BlackFideId "410462"]
[EventDate "2012.11.03"]

1. d4 Nf6 2. c4 e6 3. Nc3 Bb4 4. Qc2 d5 5. cxd5 exd5 6. Bg5 h6 7. Bh4 Nbd7 8. e3
O-O 9. Bd3 c5 10. dxc5 Nxc5 11. Ne2 Be6 12. O-O Rc8 13. Rad1 Qe7 14. Bh7+ Kh8
15. Bf5 g5 16. Bg3 Nce4 17. Bxe4 Nxe4 18. Be5+ f6 19. Bd4 a6 20. f3 Nxc3 21.
Nxc3 Kg7 22. f4 b5 23. fxg5 hxg5 24. Rf5 Kh6 25. Rf2 Bxc3 26. bxc3 Rc6 27. Rdf1
Bc8 28. Qb3 Qd8 29. a4 bxa4 30. Qxa4 Re6 31. Rf3 Rf7 32. Rh3+ Kg7 33. Rf5 Kg6
34. Qd1 Re4 35. Rxg5+ fxg5 36. Qh5+ 1-0

[Event "4NCL 2012-13"]
[Site "Sunningdale ENG"]
[Date "2012.11.04"]
[Round "2.152"]
[White "Knott, Simon J B"]
[Black "Van Kampen, Robin"]
[Result "1/2-1/2"]
[WhiteTitle "IM"]
[BlackTitle "GM"]
[WhiteElo "2325"]
[BlackElo "2574"]
[WhiteTeam "Barbican 4NCL"]
[BlackTeam "Guildford"]
[WhiteFideId "400645"]
[BlackFideId "1020854"]
[EventDate "2012.11.03"]

1. Nf3 d5 2. d4 Nf6 3. c4 c6 4. e3 Bf5 5. Nc3 e6 6. Nh4 Be4 7. f3 Bg6 8. Qb3 Qc7
9. Bd2 Be7 10. O-O-O dxc4 11. Bxc4 a6 12. Be1 b5 13. Be2 c5 14. Bg3 Qc8 15. Nxg6
hxg6 16. Kb1 Nc6 17. dxc5 Bxc5 18. Ne4 Nxe4 19. fxe4 O-O 20. Rc1 Na5 21. Qc3 Bb6
22. b4 Nc4 23. Bxc4 bxc4 24. Qxc4 Bxe3 25. Qxc8 Rfxc8 26. Rxc8+ Rxc8 27. Bd6 f5
28. Re1 f4 29. Re2 g5 30. h3 Rc1+ 31. Kb2 Rc4 32. e5 Bd4+ 33. Kb1 Rc3 1/2-1/2